Name English monarch with that Epithets - Statistics

General Stats
  • This quiz has been taken 11 times
  • The average score is 12 of 18
Answer Stats
Hint Answer % Correct
Grandmother of Europe Victoria
100%
The Confessor Edward
90%
The Lionheart Richard I
90%
The Conqueror William I
90%
The Merry Monarch Charles II
80%
The Hammer of the Scots Edward I
80%
The Lackland John
80%
Gloriana Elizabeth I
70%
Farmer King George III
70%
The First Gentleman of England George IV
70%
Bloody Mary I
70%
The Red William II
70%
The Great(Danish) Cnut
60%
The Unready Ethelred
60%
The Wisest Fool in Christendom James I
60%
The Sailor King William IV
60%
The Ironside Edmund
20%
The Peaceful Edgar
10%
No matching quizzes found
Score Distribution
Percent of People with Each Score
Percentile by Number Answered
Your Score History
You have not taken this quiz